| 000 | 00962nam a2200241 a 4500 | ||
|---|---|---|---|
| 001 | BRCA_9008 | ||
| 005 | 20190320210505.0 | ||
| 008 | 190717s1791----sp-a######---#000-0#spa-# | ||
| 041 | _aspa | ||
| 044 | _asp | ||
| 084 |
_aLE18 _b.C55 1791 |
||
| 100 | 1 |
_aCliquet, José Faustino (O.S.A.) _d1673-1760 _921354 |
|
| 245 | 1 | 0 |
_aLa Flor del Moral _besto es, lo más florido y selecto que se halla en el jardín ameno, y dilatado campo de la teología moral _csu autor M. R. P. Fr. Joseph Faustino Cliquet ; con las adiciones y correcciones que ha dispuesto el P. M. Fr. Francisco Belza... |
| 250 | _a12a ed. | ||
| 260 |
_aMadrid _bPor la viuda de Marin _c1791 |
||
| 300 |
_a[4], 485 p. (t.2) _c21.1 x 15 cm |
||
| 500 | _aCon las licencias necesarias | ||
| 500 | _aEstado físico: presenta encuadernación en pergamino | ||
| 650 | 1 | 4 |
_aTeología moral _yObras anteriores a 1800 _921355 |
| 700 | 1 |
_aBelza, Francisco _cFray _921356 |
|
| 902 | _aCFM | ||
| 942 |
_2lcc _cB |
||
| 999 |
_c8659 _d8659 |
||